Vplyv environmentálnej dane na konkurencieschopnosť podniku

Environmentálne dane a ich funkcie. Členenie ekologických daní. Environmentálne dane v EÚ. Celkové príjmy z ekologických daní za rok 2013. Riešenie environmentálnej politiky v EÚ zameranej na podnikateľskú sféru. Schéma tvorby environmentálnej politiky v EÚ, chronologický vývoj environmentálnych akč...

Description complète

Enregistré dans:
Détails bibliographiques
Auteur principal: Vavrová, Katarína, 1960-
Format: Chapitre de livre
Langue:slovaque
Sujets:
Tags: Ajouter un tag
Pas de tags, Soyez le premier à ajouter un tag!

MARC

LEADER 00000naa$a2200000$$$4500
001 0210101
005 20240502073510.2
041 0 |a slo 
044 |a SK 
245 1 0 |a Vplyv environmentálnej dane na konkurencieschopnosť podniku  |c Katarína Vavrová 
520 |a Environmentálne dane a ich funkcie. Členenie ekologických daní. Environmentálne dane v EÚ. Celkové príjmy z ekologických daní za rok 2013. Riešenie environmentálnej politiky v EÚ zameranej na podnikateľskú sféru. Schéma tvorby environmentálnej politiky v EÚ, chronologický vývoj environmentálnych akčných programov. Environmentálna politika a stimuly na Slovensku sú aj naďalej nedostatočné. 
610 2 0 |a dane ekologické 
610 2 0 |a príjmy 
610 2 0 |a politika environmentálna 
610 2 0 |a Európska únia 
610 2 0 |a Slovensko 
610 2 0 |a podnik 
610 2 0 |a konkurencieschopnosť 
100 1 |a Vavrová, Katarína, 1960-